[Event "1 division 2002/03"]
[Site "Denmark"]
[Date "2003.02.02"]
[Round "5.6"]
[White "Pedersen, Jan Rode"]
[Black "Pedersen, Karl"]
[Result "0-1"]
[WhiteElo "2160"]
[BlackElo "2305"]
[PlyCount "77"]
[EventDate "2002.11.03"]
[EventType "team-tourn"]
[EventRounds "7"]
[EventCountry "DEN"]
[WhiteTeam "Aarhus"]
[BlackTeam "Nordre"]
[WhiteTeamCountry "DEN"]
[BlackTeamCountry "DEN"]

1. e4 e5 2. Nf3 Nc6 3. Bc4 d6 4. d4 exd4 5. Nxd4 Nf6 6. Nc3 Be7 7. O-O O-O 8.
h3 Ne5 9. Be2 c5 10. Nb3 a6 11. f4 Nc6 12. Bf3 Re8 13. Be3 Qc7 14. Qd2 Be6 15.
Rad1 Rad8 16. Qf2 b5 17. Qg3 Bc4 18. Rfe1 b4 19. Nb1 Bf8 20. Bf2 a5 21. N1d2
Bb5 22. Nf1 a4 23. Nbd2 Nd4 24. Rc1 Bc6 25. Bxd4 cxd4 26. Qf2 Qb6 27. Ng3 g6
28. Kh1 Bg7 29. Kh2 Nd7 30. Be2 Nc5 31. Bd3 Qb7 32. Re2 h5 33. Rce1 Bb5 34. Qf3
Nxd3 35. cxd3 Qa6 36. f5 h4 37. Ngf1 Be5+ 38. Kh1 Bxd3 39. Rf2 {Hvid taber pa
tid} 0-1

[Event "1 division 2002/03"]
[Site "Denmark"]
[Date "2003.02.02"]
[Round "5.7"]
[White "Danstrup, Niels"]
[Black "Jensen, Vagn"]
[Result "1/2-1/2"]
[WhiteElo "2130"]
[BlackElo "2158"]
[PlyCount "37"]
[EventDate "2002.11.03"]
[EventType "team-tourn"]
[EventRounds "7"]
[EventCountry "DEN"]
[WhiteTeam "Nordre"]
[BlackTeam "Aarhus"]
[WhiteTeamCountry "DEN"]
[BlackTeamCountry "DEN"]

1. e4 c5 2. c3 d6 3. d4 Nf6 4. Bd3 e6 5. Nf3 Be7 6. O-O O-O 7. Bg5 Nc6 8. Nbd2
Qc7 9. Rc1 b6 10. Qe2 g6 11. Rfe1 Bb7 12. b4 cxb4 13. cxb4 Qd8 14. a3 Ng4 15.
Bxe7 Qxe7 16. h3 Nf6 17. Nb3 Rac8 18. Rc2 Rc7 19. Rec1 1/2-1/2

[Event "1 division 2002/03"]
[Site "Denmark"]
[Date "2003.02.02"]
[Round "5.1"]
[White "Palo, Davor"]
[Black "Holst, Allan"]
[Result "1/2-1/2"]
[WhiteElo "2489"]
[BlackElo "2369"]
[PlyCount "93"]
[EventDate "2002.11.03"]
[EventType "team-tourn"]
[EventRounds "7"]
[EventCountry "DEN"]
[WhiteTeam "Skolerne"]
[BlackTeam "SK 1968"]
[WhiteTeamCountry "DEN"]
[BlackTeamCountry "DEN"]

1. d4 Nf6 2. c4 e5 3. dxe5 Ne4 4. a3 b6 5. Nf3 Bb7 6. Nbd2 a5 7. Nxe4 Bxe4 8.
Bf4 a4 9. e3 Ra5 10. Qd4 Bxf3 11. gxf3 Nc6 12. Qe4 Qe7 13. Bh3 Nd8 14. Bg3 Ne6
15. f4 h5 16. Bxe6 fxe6 17. f5 exf5 18. Qxf5 Rc5 19. Qe4 Qe6 20. Rc1 b5 21. Bf4
Rxc4 22. Rxc4 Qxc4 23. Qxc4 bxc4 24. Ke2 d5 25. exd6 Bxd6 26. Bxd6 cxd6 27. Rc1
d5 28. Rd1 Ke7 29. Rxd5 Rb8 30. Ra5 Rxb2+ 31. Kf3 c3 32. Rxa4 Ra2 33. h4 Ke6
34. Rc4 Rxa3 35. Ke4 Ra2 36. f4 Rh2 37. Rxc3 Rxh4 38. Rc6+ Kf7 39. Kf5 Rg4 40.
Rc7+ Kg8 41. e4 g6+ 42. Kf6 Rxf4+ 43. Kxg6 Kf8 44. e5 Ke8 45. Rh7 h4 46. Kg5
Rf1 47. Rxh4 1/2-1/2

[Event "1 division 2002/03"]
[Site "Denmark"]
[Date "2003.02.02"]
[Round "5.2"]
[White "Lindfeldt, Jan Magnus"]
[Black "Rasmussen, Karsten"]
[Result "1/2-1/2"]
[WhiteElo "2246"]
[BlackElo "2386"]
[PlyCount "113"]
[EventDate "2002.11.03"]
[EventType "team-tourn"]
[EventRounds "7"]
[EventCountry "DEN"]
[WhiteTeam "SK 1968"]
[BlackTeam "Skolerne"]
[WhiteTeamCountry "DEN"]
[BlackTeamCountry "DEN"]

1. e4 c5 2. Nf3 d6 3. Bb5+ Nd7 4. O-O a6 5. Bxd7+ Bxd7 6. b3 Nf6 7. d3 g6 8.
Bb2 Bg7 9. Nbd2 O-O 10. Re1 e5 11. c3 Nh5 12. d4 Nf4 13. Nc4 Be6 14. d5 Bc8 15.
Bc1 b5 16. Nb2 f5 17. Bxf4 exf4 18. e5 dxe5 19. Nxe5 Qd6 20. Nbd3 Re8 21. Nf3
Bb7 22. c4 Bxa1 23. Qxa1 Re4 24. Ng5 bxc4 25. bxc4 Rxc4 26. Ne6 Qd7 27. Ndxc5
Rxc5 28. Nxc5 Qxd5 29. Nxb7 Qxb7 30. h4 Qf7 31. Qd4 f3 32. gxf3 Rf8 33. h5 g5
34. h6 Qf6 35. Qc4+ Qf7 36. Qxa6 g4 37. fxg4 fxg4 38. Qe2 Qg6 39. Qe6+ Qxe6 40.
Rxe6 Ra8 41. Re4 Rxa2 42. Rxg4+ Kf8 43. Rf4+ Ke7 44. Rg4 Ra6 45. Rg7+ Kf8 46.
Rxh7 Kg8 47. Rg7+ Kf8 48. Rb7 Rxh6 49. f3 Rc6 50. Kf2 Rc4 51. Kg3 Rc3 52. Kg4
Rc1 53. f4 Rc5 54. f5 Rc6 55. Kg5 Ra6 56. Rc7 Rb6 57. Ra7 1/2-1/2

[Event "1 division 2002/03"]
[Site "Denmark"]
[Date "2003.02.02"]
[Round "5.3"]
[White "Sorensen, Jan"]
[Black "Matthiesen, Martin"]
[Result "0-1"]
[WhiteElo "2405"]
[BlackElo "2285"]
[PlyCount "80"]
[EventDate "2002.11.03"]
[EventType "team-tourn"]
[EventRounds "7"]
[EventCountry "DEN"]
[WhiteTeam "Skolerne"]
[BlackTeam "SK 1968"]
[WhiteTeamCountry "DEN"]
[BlackTeamCountry "DEN"]

1. e4 e5 2. Nc3 Nf6 3. Nf3 Nc6 4. g3 d5 5. exd5 Nxd5 6. Bg2 Nxc3 7. bxc3 Bd6 8.
O-O O-O 9. Rb1 Rb8 10. d4 Re8 11. Re1 exd4 12. Rxe8+ Qxe8 13. cxd4 Bf5 14. Rb5
Be4 15. c4 b6 16. Be3 Rd8 17. Qc1 a6 18. Rh5 Be7 19. d5 Bg6 20. Rh3 Nb4 21. Ne5
Bf6 22. Nxg6 hxg6 23. Qd1 Nxa2 24. g4 Nc3 25. Qd3 c5 26. Bd2 Ne2+ 27. Kf1 Nd4
28. g5 Be7 29. Be4 Bd6 30. f4 Qd7 31. Qg3 Nf5 32. Bxf5 Qxf5 33. Qh4 Kf8 34. Ra3
Qc2 35. Re3 Qxc4+ 36. Kg1 Kg8 37. Rh3 Qd4+ 38. Kf1 Kf8 39. Qh8+ Ke7 40. Re3+
Qxe3 0-1

[Event "1 division 2002/03"]
[Site "Denmark"]
[Date "2003.02.02"]
[Round "5.4"]
[White "Bank, Pelle Rodkjaer"]
[Black "El Kher, Henrik"]
[Result "0-1"]
[WhiteElo "2279"]
[BlackElo "2390"]
[PlyCount "74"]
[EventDate "2002.11.03"]
[EventType "team-tourn"]
[EventRounds "7"]
[EventCountry "DEN"]
[WhiteTeam "SK 1968"]
[BlackTeam "Skolerne"]
[WhiteTeamCountry "DEN"]
[BlackTeamCountry "DEN"]

1. e4 c5 2. Nc3 e6 3. Nf3 Nc6 4. Bb5 Nge7 5. O-O Ng6 6. Re1 Be7 7. Bxc6 bxc6 8.
d3 O-O 9. a4 d6 10. e5 d5 11. a5 f6 12. exf6 Bxf6 13. Ra4 Rb8 14. d4 Rb4 15.
Rxb4 cxb4 16. Na4 Qxa5 17. b3 Be7 18. Bg5 Bd6 19. h4 h6 20. h5 Nf4 21. Bxf4
Rxf4 22. Ne5 Qc7 23. Qd2 Rh4 24. Qd1 Rf4 25. Qd2 Rf5 26. g4 Rf6 27. Qe3 Bd7 28.
f4 Be8 29. Nc5 Qe7 30. Re2 Qf8 31. Ncd7 Bxe5 32. Nxf8 Bxf4 33. Qxe6+ Rxe6 34.
Nxe6 Bd6 35. Nd8 Bd7 36. Nb7 Bf4 37. Rg2 Be3+ {Hvid taber pa tid} 0-1

[Event "1 division 2002/03"]
[Site "Denmark"]
[Date "2003.02.02"]
[Round "5.5"]
[White "Kjeldsen, Jens"]
[Black "Matthiesen, Arne"]
[Result "1/2-1/2"]
[WhiteElo "2435"]
[BlackElo "2286"]
[PlyCount "95"]
[EventDate "2002.11.03"]
[EventType "team-tourn"]
[EventRounds "7"]
[EventCountry "DEN"]
[WhiteTeam "Skolerne"]
[BlackTeam "SK 1968"]
[WhiteTeamCountry "DEN"]
[BlackTeamCountry "DEN"]

1. d4 Nf6 2. c4 e6 3. Nc3 Bb4 4. e3 b6 5. Nge2 Ne4 6. Bd2 Nxd2 7. Qxd2 Bb7 8.
a3 Be7 9. d5 O-O 10. g3 d6 11. Bh3 Nd7 12. f4 exd5 13. cxd5 c5 14. dxc6 Bxc6
15. O-O Nf6 16. Nd4 Bb7 17. Rad1 Re8 18. Rfe1 d5 19. Qc2 g6 20. Ncb5 Bc5 21. b4
Bxd4 22. Rxd4 Re7 23. Nc3 Qc7 24. Qd3 Rae8 25. Qd2 Ne4 26. Nxe4 Rxe4 27. Rxe4
dxe4 28. Rc1 Qe7 29. Qd7 Kf8 30. Rc7 Qxd7 31. Bxd7 Rb8 32. g4 a5 33. b5 Bd5 34.
g5 Rd8 35. Kf2 Bb3 36. Kg3 Ke7 37. Bc8+ Kf8 38. Bd7 Ke7 39. Bg4+ Kf8 40. Rc6
Rb8 41. f5 gxf5 42. Bxf5 Ba4 43. Bxe4 Bxb5 44. Rc7 Kg7 45. h4 Be2 46. Bd5 Bh5
47. Kf4 b5 48. e4 1/2-1/2

[Event "1 division 2002/03"]
[Site "Denmark"]
[Date "2003.02.02"]
[Round "5.6"]
[White "Hansen, Lars"]
[Black "Boe, Mads"]
[Result "0-1"]
[WhiteElo "2217"]
[BlackElo "2372"]
[PlyCount "68"]
[EventDate "2002.11.03"]
[EventType "team-tourn"]
[EventRounds "7"]
[EventCountry "DEN"]
[WhiteTeam "SK 1968"]
[BlackTeam "Skolerne"]
[WhiteTeamCountry "DEN"]
[BlackTeamCountry "DEN"]

1. g3 f5 2. Bg2 Nf6 3. d3 e5 4. c4 Nc6 5. Nc3 d6 6. Rb1 Be7 7. b4 a6 8. a4 a5
9. b5 Nb4 10. Nf3 O-O 11. Qb3 Kh8 12. O-O Rb8 13. c5 Nd7 14. cxd6 Bxd6 15. Ba3
Nf6 16. Nd2 Qe7 17. Nc4 Be6 18. Qb2 Bxc4 19. dxc4 e4 20. Rbd1 Rbd8 21. Bh3 Qe6
22. Bxb4 Bxb4 23. Qb3 c6 24. Rxd8 Rxd8 25. Rd1 Rxd1+ 26. Nxd1 g6 27. Qc2 Qd6
28. Ne3 Nd7 29. Qb2+ Qe5 30. Qxe5+ Nxe5 31. Kf1 Bc5 32. Nxf5 gxf5 33. Bxf5 Nxc4
34. Bc8 Nd6 0-1

[Event "1 division 2002/03"]
[Site "Denmark"]
[Date "2003.02.02"]
[Round "5.7"]
[White "Vinter Schou, Uffe"]
[Black "Sobjerg, Erik"]
[Result "1/2-1/2"]
[WhiteElo "2351"]
[BlackElo "2251"]
[PlyCount "127"]
[EventDate "2002.11.03"]
[EventType "team-tourn"]
[EventRounds "7"]
[EventCountry "DEN"]
[WhiteTeam "Skolerne"]
[BlackTeam "SK 1968"]
[WhiteTeamCountry "DEN"]
[BlackTeamCountry "DEN"]

1. e4 e6 2. d4 d5 3. Nc3 Nf6 4. e5 Nfd7 5. f4 c5 6. Nf3 Nc6 7. Be3 cxd4 8. Nxd4
Bc5 9. Qd2 O-O 10. g3 a6 11. Bg2 Nxd4 12. Bxd4 Bxd4 13. Qxd4 Qb6 14. O-O-O Qxd4
15. Rxd4 Nb8 16. Re1 Nc6 17. Rd2 b5 18. Ne2 Bd7 19. Kb1 b4 20. Nc1 Rfe8 21. Nd3
a5 22. f5 Ne7 23. fxe6 fxe6 24. Nf4 Ra6 25. Bf1 Rb6 26. Bd3 a4 27. h4 Rf8 28.
h5 Bc8 29. Bf1 Nf5 30. g4 Ng3 31. Rg2 Ne4 32. Nd3 b3 33. cxb3 Ba6 34. Be2 axb3
35. a3 Nd2+ 36. Ka1 Rc8 37. Rc1 Rxc1+ 38. Nxc1 Rc6 39. Rg1 Bxe2 40. Nxe2 Rc2
41. Nd4 Rc4 42. Nxe6 Re4 43. Nc5 Rxe5 44. a4 d4 45. Rc1 h6 46. a5 Nc4 47. Nxb3
Nxa5 48. Nxd4 Re4 49. Rc8+ Kh7 50. Rc5 Rxd4 51. Rxa5 Rxg4 52. Ka2 g6 53. Ra7+
Kg8 54. hxg6 Rxg6 55. b4 h5 56. Kb3 Kf8 57. Rh7 Ke8 58. Rxh5 Kd7 59. Rc5 Rc6
60. Rh5 Kc7 61. Ka4 Kb6 62. Rb5+ Ka7 63. Ra5+ Kb6 64. Ra8 1/2-1/2

[Event "1 division 2002/03"]
[Site "Denmark"]
[Date "2003.02.02"]
[Round "5.1"]
[White "Danielsen, Henrik"]
[Black "Nielsen, Peter Heine"]
[Result "0-1"]
[WhiteElo "2504"]
[BlackElo "2620"]
[PlyCount "68"]
[EventDate "2002.11.03"]
[EventType "team-tourn"]
[EventRounds "7"]
[EventCountry "DEN"]
[WhiteTeam "K41"]
[BlackTeam "Helsinge"]
[WhiteTeamCountry "DEN"]
[BlackTeamCountry "DEN"]

1. f4 g6 2. g3 Bg7 3. Bg2 c5 4. d3 Nc6 5. Nh3 d6 6. c3 Nf6 7. a4 Bd7 8. Na3 O-O
9. O-O a6 10. Bd2 Rb8 11. Nf2 b5 12. axb5 axb5 13. e4 Qc7 14. g4 b4 15. Nc4 Be6
16. Ne3 bxc3 17. bxc3 Nd7 18. h4 Rfc8 19. h5 Bb3 20. Qf3 c4 21. hxg6 hxg6 22.
d4 Nxd4 23. cxd4 c3 24. Bc1 Bxd4 25. f5 c2 26. Ra3 Ne5 27. Qf4 Qc5 28. g5 Bxe3
29. Bxe3 Qxa3 30. Bc1 Qa1 31. Qh4 Bc4 32. Re1 Rb1 33. fxg6 Nxg6 34. Qh3 Rxc1
0-1

[Event "1 division 2002/03"]
[Site "Denmark"]
[Date "2003.02.02"]
[Round "5.2"]
[White "Schandorff, Lars"]
[Black "Aagaard, Jacob"]
[Result "1/2-1/2"]
[WhiteElo "2546"]
[BlackElo "2371"]
[PlyCount "56"]
[EventDate "2002.11.03"]
[EventType "team-tourn"]
[EventRounds "7"]
[EventCountry "DEN"]
[WhiteTeam "Helsinge"]
[BlackTeam "K41"]
[WhiteTeamCountry "DEN"]
[BlackTeamCountry "DEN"]

1. Nf3 d6 2. d4 Nf6 3. c4 g6 4. g3 Bg7 5. Bg2 O-O 6. O-O Nc6 7. Nc3 a6 8. b3 e5
9. dxe5 Ng4 10. h3 Ngxe5 11. Nxe5 Nxe5 12. Bb2 Bd7 13. Qd2 Bc6 14. Nd5 Bxd5 15.
cxd5 f5 16. Rac1 Rf7 17. f4 Nd7 18. Bxg7 Rxg7 19. e4 fxe4 20. Bxe4 Nc5 21. Bb1
Qf6 22. b4 Na4 23. Rfe1 Rf8 24. h4 Re7 25. Rxe7 Qxe7 26. Bc2 Nb6 27. Re1 Qg7
28. Bb3 Nd7 1/2-1/2

[Event "1 division 2002/03"]
[Site "Denmark"]
[Date "2003.02.02"]
[Round "5.3"]
[White "Greger, Roland Reinhard"]
[Black "Pedersen, Steffen"]
[Result "1/2-1/2"]
[WhiteElo "2359"]
[BlackElo "2443"]
[PlyCount "29"]
[EventDate "2002.11.03"]
[EventType "team-tourn"]
[EventRounds "7"]
[EventCountry "DEN"]
[WhiteTeam "K41"]
[BlackTeam "Helsinge"]
[WhiteTeamCountry "DEN"]
[BlackTeamCountry "DEN"]

1. e4 c5 2. c3 d5 3. exd5 Qxd5 4. d4 g6 5. dxc5 Qxc5 6. Be3 Qc7 7. Na3 Nc6 8.
Nb5 Qb8 9. Nd4 Bg7 10. Bb5 Bd7 11. Qa4 Nf6 12. Ngf3 O-O 13. O-O Ng4 14. Rfe1
Bxd4 15. Bxd4 1/2-1/2

[Event "1 division 2002/03"]
[Site "Denmark"]
[Date "2003.02.02"]
[Round "5.4"]
[White "Berg, Klaus"]
[Black "Lund, Silas"]
[Result "1-0"]
[WhiteElo "2427"]
[BlackElo "2329"]
[PlyCount "97"]
[EventDate "2002.11.03"]
[EventType "team-tourn"]
[EventRounds "7"]
[EventCountry "DEN"]
[WhiteTeam "Helsinge"]
[BlackTeam "K41"]
[WhiteTeamCountry "DEN"]
[BlackTeamCountry "DEN"]

1. d4 e6 2. Nf3 d5 3. c4 c6 4. Qb3 Nd7 5. g3 Ngf6 6. Bg2 Be7 7. O-O O-O 8. Nc3
b6 9. Rd1 Bb7 10. Nd2 c5 11. dxc5 Nxc5 12. Qc2 Rc8 13. b3 Qc7 14. cxd5 exd5 15.
Nb5 Qe5 16. Bb2 Qxe2 17. Bf1 Nce4 18. Qxe4 Qxf1+ 19. Nxf1 Nxe4 20. Nxa7 Rc2 21.
Bd4 Bc5 22. Ne3 Re2 23. Nb5 Nxf2 24. Kf1 Rxe3 25. Kxf2 Re4 26. Bxc5 bxc5 27.
Nd6 Re7 28. Nxb7 Rxb7 29. Rxd5 c4 30. bxc4 Rb2+ 31. Ke3 Rxh2 32. a4 Re8+ 33.
Kd4 h5 34. a5 h4 35. gxh4 Rxh4+ 36. Kc3 Rh3+ 37. Rd3 Rxd3+ 38. Kxd3 Rd8+ 39.
Kc3 Kf8 40. a6 Ke7 41. Kb4 Ra8 42. Kb5 Kd7 43. a7 Kc7 44. Ka6 Re8 45. Ra5 f6
46. Rc5+ Kd6 47. Rb5 g5 48. Rb8 Re1 49. a8=Q 1-0

[Event "1 division 2002/03"]
[Site "Denmark"]
[Date "2003.02.02"]
[Round "5.6"]
[White "Fries Nielsen, Niels Jorgen"]
[Black "Hartung Nielsen, Jens"]
[Result "1-0"]
[WhiteElo "2379"]
[BlackElo "2224"]
[PlyCount "81"]
[EventDate "2002.11.03"]
[EventType "team-tourn"]
[EventRounds "7"]
[EventCountry "DEN"]
[WhiteTeam "Helsinge"]
[BlackTeam "K41"]
[WhiteTeamCountry "DEN"]
[BlackTeamCountry "DEN"]

1. e4 c5 2. Nf3 Nc6 3. Bb5 g6 4. O-O Bg7 5. Re1 e5 6. Bxc6 dxc6 7. d3 Ne7 8.
Be3 b6 9. Nbd2 O-O 10. a3 a5 11. b4 axb4 12. axb4 Rxa1 13. Qxa1 cxb4 14. Qa7 b5
15. Bc5 Re8 16. Qb8 Qd7 17. h3 Qe6 18. Ra1 f6 19. Ra7 Bf8 20. Qc7 Qf7 21. Bxb4
Be6 22. c3 h5 23. d4 Nc8 24. Qxf7+ Bxf7 25. Rc7 Bxb4 26. cxb4 exd4 27. Rxc6 Rd8
28. Rxf6 Nd6 29. e5 Nc4 30. e6 Be8 31. e7 Ra8 32. Rf8+ Kg7 33. Nxc4 bxc4 34.
Nxd4 c3 35. Kh2 Rc8 36. h4 c2 37. Nxc2 Rxc2 38. Rxe8 Kf7 39. Rg8 Kxe7 40. Rxg6
Rxf2 41. b5 1-0

[Event "1 division 2002/03"]
[Site "Denmark"]
[Date "2003.02.02"]
[Round "5.7"]
[White "Brondum, Eric"]
[Black "Bekker Jensen, Simon"]
[Result "0-1"]
[WhiteElo "2212"]
[BlackElo "2348"]
[PlyCount "76"]
[EventDate "2002.11.03"]
[EventType "team-tourn"]
[EventRounds "7"]
[EventCountry "DEN"]
[WhiteTeam "K41"]
[BlackTeam "Helsinge"]
[WhiteTeamCountry "DEN"]
[BlackTeamCountry "DEN"]

1. Nf3 Nf6 2. g3 g6 3. Bg2 Bg7 4. d4 O-O 5. O-O d6 6. c4 c6 7. Nc3 Na6 8. e4 e5
9. h3 Qb6 10. dxe5 dxe5 11. Qe2 Nc5 12. Be3 Qa5 13. Qc2 Ne6 14. Rfd1 Nh5 15.
Ne2 f5 16. exf5 gxf5 17. Bd2 Qc7 18. Bc3 c5 19. Be1 e4 20. Nh2 Nd4 21. Nxd4
cxd4 22. Rac1 Be6 23. c5 Qe5 24. Qe2 Bf7 25. b4 Rfe8 26. c6 b6 27. Qa6 Re7 28.
b5 Rd8 29. Bb4 Rc7 30. Re1 Qd5 31. Bd2 Be5 32. Bg5 Re8 33. g4 Nf4 34. Bf1 d3
35. Rcd1 Ne6 36. Bh6 Qd6 37. f4 Bd4+ 38. Kh1 Nc5 0-1

[Event "1 division 2002/03"]
[Site "Denmark"]
[Date "2003.02.02"]
[Round "5.8"]
[White "Bekker Jensen, David"]
[Black "Jorgensen, Brian"]
[Result "1-0"]
[WhiteElo "2338"]
[BlackElo "2255"]
[PlyCount "155"]
[EventDate "2002.11.03"]
[EventType "team-tourn"]
[EventRounds "7"]
[EventCountry "DEN"]
[WhiteTeam "Helsinge"]
[BlackTeam "K41"]
[WhiteTeamCountry "DEN"]
[BlackTeamCountry "DEN"]

1. d4 Nf6 2. c4 e6 3. Nc3 Bb4 4. e3 O-O 5. Nge2 d5 6. a3 Be7 7. Nf4 c6 8. b3
Nbd7 9. Nd3 dxc4 10. bxc4 e5 11. Be2 e4 12. Nb2 Re8 13. O-O Nf8 14. c5 Ng6 15.
Nc4 b6 16. cxb6 axb6 17. Qb3 b5 18. Ne5 Nxe5 19. dxe5 Be6 20. Qb2 Nd7 21. Nxe4
Bd5 22. Nd6 Bxd6 23. exd6 Ne5 24. Rd1 Nc4 25. Bxc4 bxc4 26. f3 Qxd6 27. Qd4 Qg6
28. e4 Be6 29. Bb2 Rab8 30. a4 c5 31. Qd2 h5 32. a5 Bc8 33. Bc3 Rb3 34. Rac1 h4
35. Qf4 h3 36. g3 Ra3 37. Rd5 f6 38. Rxc5 Ra2 39. Rxc4 Qf7 40. Bd2 Qd7 41. Rc7
Qd4+ 42. Qe3 Qxe3+ 43. Bxe3 Rg2+ 44. Kh1 Ba6 45. Ra7 Be2 46. Rcc7 Bxf3 47.
Rxg7+ Kh8 48. Rh7+ Kg8 49. Rag7+ Kf8 50. Bc5+ Re7 51. Bxe7+ Ke8 52. Rg8+ Kd7
53. Bxf6+ Kc6 54. Rc8+ Kb5 55. Rc3 Bxe4 56. Rh5+ Ka6 57. Re5 Ba8 58. Re8 Bd5
59. Rd8 Be4 60. Re3 Bb7 61. Rd6+ Kxa5 62. Bd8+ Ka4 63. Rd4+ Kb5 64. Rb3+ Kc5
65. Rxb7 Kxd4 66. Bb6+ Ke4 67. Rh7 Rc2 68. Bg1 Kf3 69. Rxh3 Rc1 70. Rh4 Rb1 71.
Rf4+ Ke2 72. Rf2+ Kd3 73. h4 Ke4 74. Kg2 Ke5 75. Bh2 Ke6 76. g4 Ke7 77. Kh3 Rh1
78. h5 1-0

[Event "1 division 2002/03"]
[Site "Denmark"]
[Date "2003.03.15"]
[Round "6.8"]
[White "Varberg, Kenneth"]
[Black "Danstrup, Niels"]
[Result "0-1"]
[WhiteElo "2265"]
[BlackElo "2130"]
[PlyCount "80"]
[EventDate "2002.11.03"]
[EventType "team-tourn"]
[EventRounds "7"]
[EventCountry "DEN"]
[WhiteTeam "Bronshoj"]
[BlackTeam "Nordre"]
[WhiteTeamCountry "DEN"]
[BlackTeamCountry "DEN"]

1. c4 c6 2. e4 d5 3. exd5 cxd5 4. d4 Nf6 5. Nc3 e6 6. Nf3 Be7 7. Bd3 Nc6 8. a3
a6 9. c5 O-O 10. b4 Nd7 11. h4 Nf6 12. Bc2 b6 13. Qd3 bxc5 14. bxc5 a5 15. Bg5
Ba6 16. Qe3 Rb8 17. Ne5 Nxe5 18. Qxe5 Rb2 19. Kd2 Nd7 20. Bxe7 Qxe7 21. Nxd5
Qd8 22. Qe4 g6 23. Nc3 Nxc5 24. Qe3 Bd3 25. Rac1 Bxc2 26. Rxc2 Nb3+ 27. Kd1
Rxc2 28. Kxc2 Nxd4+ 29. Kd2 Nf5+ 30. Qd3 Qb6 31. Ke1 Rd8 32. Qb1 Qc5 33. Ne4
Qxa3 34. g4 Nd4 35. Kf1 Qf3 36. Rg1 Qe2+ 37. Kg2 Qxg4+ 38. Kf1 Qe2+ 39. Kg2 Nf5
40. h5 Qg4+ 0-1

[Event "1 division 2002/03"]
[Site "Denmark"]
[Date "2003.03.16"]
[Round "7.1"]
[White "Danielsen, Henrik"]
[Black "Pedersen, Christian Kyndel"]
[Result "1-0"]
[WhiteElo "2504"]
[BlackElo "2279"]
[PlyCount "83"]
[EventDate "2002.11.03"]
[EventType "team-tourn"]
[EventRounds "7"]
[EventCountry "DEN"]
[WhiteTeam "K41"]
[BlackTeam "Nordre"]
[WhiteTeamCountry "DEN"]
[BlackTeamCountry "DEN"]

1. f4 d5 2. Nf3 Bg4 3. e3 Nd7 4. h3 Bxf3 5. Qxf3 c6 6. d4 e6 7. Bd3 h5 8. c4
Ngf6 9. Nc3 Bd6 10. Bd2 Qe7 11. c5 Bc7 12. b4 h4 13. Rb1 Nh5 14. b5 Rb8 15. O-O
Ng3 16. bxc6 bxc6 17. Rxb8+ Bxb8 18. Rb1 O-O 19. Rb7 Rc8 20. Be1 Nf5 21. Bxf5
exf5 22. Bf2 g6 23. Qd1 Qd8 24. Qe1 Rc7 25. Bxh4 Qc8 26. Rb3 Rb7 27. Qe2 Rxb3
28. axb3 Qb7 29. Qc2 Qb4 30. Kf1 Bc7 31. Be1 Nf6 32. Qa2 Qb7 33. Bh4 Ne4 34.
Nxe4 fxe4 35. Bf6 Qb5+ 36. Kf2 Qd3 37. Qe2 Qc3 38. Kg3 Qc1 39. Kg4 Ba5 40. Kg5
Kh7 41. Qg4 Qe1 42. g3 1-0

[Event "1 division 2002/03"]
[Site "Denmark"]
[Date "2003.03.16"]
[Round "7.2"]
[White "Nielsen, Poul Erik"]
[Black "Aagaard, Jacob"]
[Result "0-1"]
[WhiteElo "2219"]
[BlackElo "2371"]
[PlyCount "90"]
[EventDate "2002.11.03"]
[EventType "team-tourn"]
[EventRounds "7"]
[EventCountry "DEN"]
[WhiteTeam "Nordre"]
[BlackTeam "K41"]
[WhiteTeamCountry "DEN"]
[BlackTeamCountry "DEN"]

1. g3 g6 2. Bg2 Bg7 3. c4 d6 4. Nc3 Nc6 5. d3 f5 6. Nf3 Nf6 7. O-O O-O 8. Rb1
h6 9. b4 e5 10. c5 Be6 11. cxd6 cxd6 12. b5 Ne7 13. e4 Qd7 14. exf5 gxf5 15. d4
e4 16. Nh4 Rac8 17. Bb2 Ned5 18. Nxd5 Nxd5 19. Qd2 Qxb5 20. Rfc1 Rxc1+ 21. Rxc1
Rc8 22. Rxc8+ Bxc8 23. g4 Ne7 24. Bf1 Qd7 25. d5 f4 26. h3 e3 27. Qc2 exf2+ 28.
Kxf2 Bxb2 29. Qxb2 Qc7 30. Qd4 Qc1 31. Ng2 Ng6 32. Qf6 Qc5+ 33. Ke1 Qc1+ 34.
Kf2 Qc5+ 35. Ke1 Ne5 36. Nxf4 Qc3+ 37. Ke2 Qb2+ 38. Kd1 Qa1+ 39. Ke2 Qb2+ 40.
Kd1 Qb1+ 41. Ke2 Qc2+ 42. Ke3 Qc3+ 43. Ke2 Bxg4+ 44. hxg4 Qc2+ 45. Ke1 Nf3# 0-1

[Event "1 division 2002/03"]
[Site "Denmark"]
[Date "2003.03.16"]
[Round "7.3"]
[White "Greger, Roland Reinhard"]
[Black "Hoiberg, Nina"]
[Result "0-1"]
[WhiteElo "2359"]
[BlackElo "2248"]
[PlyCount "103"]
[EventDate "2002.11.03"]
[EventType "team-tourn"]
[EventRounds "7"]
[EventCountry "DEN"]
[WhiteTeam "K41"]
[BlackTeam "Nordre"]
[WhiteTeamCountry "DEN"]
[BlackTeamCountry "DEN"]

1. e4 e5 2. Bc4 Nf6 3. d4 exd4 4. Nf3 Nc6 5. e5 d5 6. Bb5 Ne4 7. Nxd4 Bd7 8.
Bxc6 bxc6 9. O-O Bc5 10. Be3 Qe7 11. Re1 O-O 12. f3 Ng5 13. Nc3 Bb6 14. f4 Ne6
15. Qd2 Nxd4 16. Bxd4 Bf5 17. Ne2 c5 18. Bf2 Rad8 19. a4 a5 20. Ng3 Qe6 21. c3
Rfe8 22. h3 Bg6 23. Kh2 f6 24. f5 Bxf5 25. exf6 Qxf6 26. Rxe8+ Rxe8 27. Qxd5+
Be6 28. Qc6 Bf7 29. Qxf6 gxf6 30. Rd1 Bb3 31. Rd2 Bxa4 32. Nh5 Kf7 33. Bh4 Re6
34. Rf2 c4 35. Rxf6+ Rxf6 36. Nxf6 Be3 37. Ng4 Bc1 38. Ne5+ Ke6 39. Nxc4 Kd5
40. Nxa5 Bxb2 41. Bf6 Kc5 42. g4 Bc1 43. h4 Kb5 44. Nb7 Kc4 45. h5 Bd1 46. Kh3
Bd2 47. Nd8 Bxc3 48. Bxc3 Kxc3 49. Ne6 c6 50. g5 Bxh5 51. Kg3 Bf7 52. Nf8 0-1

[Event "1 division 2002/03"]
[Site "Denmark"]
[Date "2003.03.16"]
[Round "7.4"]
[White "Christensen, Jan"]
[Black "Lund, Silas"]
[Result "0-1"]
[WhiteElo "2214"]
[BlackElo "2329"]
[PlyCount "60"]
[EventDate "2002.11.03"]
[EventType "team-tourn"]
[EventRounds "7"]
[EventCountry "DEN"]
[WhiteTeam "Nordre"]
[BlackTeam "K41"]
[WhiteTeamCountry "DEN"]
[BlackTeamCountry "DEN"]

1. d4 e6 2. Nf3 d5 3. c4 c6 4. Nc3 dxc4 5. e3 b5 6. a4 Bb4 7. Bd2 a5 8. axb5
Bxc3 9. Bxc3 cxb5 10. b3 Bb7 11. d5 Nf6 12. bxc4 b4 13. Bxf6 Qxf6 14. Qa4+ Ke7
15. Nd4 e5 16. Nb3 Nd7 17. Be2 Qd6 18. O-O Nc5 19. Nxc5 Qxc5 20. Qb3 Rhe8 21.
Qd3 g6 22. f4 exf4 23. Rxf4 Kf8 24. Rd4 a4 25. Kh1 b3 26. Qc3 Kg8 27. Rf1 Ra6
28. h4 h5 29. Bd3 Rxe3 30. Rdf4 Bxd5 0-1

[Event "1 division 2002/03"]
[Site "Denmark"]
[Date "2003.03.16"]
[Round "7.5"]
[White "Schmidt, Kristen"]
[Black "Petersen, Tom Petri"]
[Result "0-1"]
[WhiteElo "2335"]
[BlackElo "2146"]
[PlyCount "96"]
[EventDate "2002.11.03"]
[EventType "team-tourn"]
[EventRounds "7"]
[EventCountry "DEN"]
[WhiteTeam "K41"]
[BlackTeam "Nordre"]
[WhiteTeamCountry "DEN"]
[BlackTeamCountry "DEN"]

1. e4 g6 2. d4 Bg7 3. Nc3 a6 4. a4 Nc6 5. Nf3 d6 6. h3 Nf6 7. Bg5 h6 8. Be3 O-O
9. Qd2 Kh7 10. g4 d5 11. exd5 Nxd5 12. Bg2 Nxe3 13. fxe3 e5 14. d5 Na5 15. e4
c6 16. b4 Nc4 17. Qe2 Nd6 18. a5 f5 19. gxf5 gxf5 20. Rd1 fxe4 21. Nxe4 Nxe4
22. Qxe4+ Bf5 23. Qe3 Bxc2 24. Rd2 e4 25. Ng5+ Qxg5 26. Qxg5 hxg5 27. Rxc2 cxd5
28. Ke2 Kg8 29. Rd1 Rad8 30. Rc5 Rf5 31. Rc7 Rf7 32. Rxf7 Kxf7 33. Ke3 Bf6 34.
Bf1 Ke6 35. Rc1 Be5 36. Rc2 Bd6 37. b5 axb5 38. Bxb5 Ke5 39. a6 bxa6 40. Bxa6
Ra8 41. Rc6 Rb8 42. Kd2 Rb3 43. Bc8 d4 44. Bg4 Rb2+ 45. Kd1 d3 46. Kc1 Rh2 47.
Rc8 e3 48. Kd1 Rh1# 0-1